=LDR 00000nam 2200000 4500 =001 INLIS000000000031038 =005 20200604085702 =035 ##$$a 0010-061300000031038 =008 200604################g##########0#ind## =041 ##$$a ind =082 ##$$a 2x1.3 =090 ##$$a 2x1.3, Ras m =100 ##$$a Rosadisastra, Andi =245 1#$$a Metode tafsir ayat-ayat sains dan sosial /$c Andi Rosadisastra ; editor, Achmad Zirzis =260 ##$$a Jakarta :$b Amzah,$c 2007 =300 ##$$a xvi,236 hlm : $b ilus ; $c 20 x 14 cm =650 #4$$a Al'Qur'an Tafsir =850 ##$$a NBPNMAT =020 ##$$a 979-9392-70-5 =084 ##$$a 2x1.3 ROS m =504 ##$$a Bibliografi: halaman 227-234 =250 ##$$a cet.1 =700 #$$a Achmad Zirzis =990 ##$$a 20900429 =990 ##$$a 20900430 =990 ##$$a 20900431 =990 ##$$a 20900429 =990 ##$$a 20900430 =990 ##$$a 20900431